|
|
|
|
| LEADER |
00000nam0a2200000 4500 |
| 001 |
312595 |
| 005 |
20231102002512.0 |
| 035 |
|
|
|a (RuTPU)RU\TPU\book\337964
|
| 090 |
|
|
|a 312595
|
| 100 |
|
|
|a 20151224d1982 km y0rusy50 ca
|
| 101 |
0 |
|
|a rus
|
| 102 |
|
|
|a RU
|
| 105 |
|
|
|a a z 001zy
|
| 200 |
1 |
|
|a Технологические параметры глубоких карьеров
|f М. Г. Новожилов [и др.]
|g под ред. М. Г. Новожилова
|
| 210 |
|
|
|a Москва
|c Недра
|d 1982
|
| 215 |
|
|
|a 175 с.
|c ил.
|
| 300 |
|
|
|a Авт. указаны на обороте тит.
|
| 320 |
|
|
|a Библиогр.: с. 170-173
|
| 320 |
|
|
|a Библиогр.: с. 171-173
|
| 606 |
1 |
|
|a Карьеры глубокие
|x Системы разработки
|2 stltpush
|3 (RuTPU)RU\TPU\subj\39411
|9 59524
|
| 610 |
1 |
|
|a рабочая зона
|
| 610 |
1 |
|
|a погрузочно-транспортные машины
|
| 610 |
1 |
|
|a экономическая эффективность
|
| 610 |
1 |
|
|a производительность
|
| 610 |
1 |
|
|a автосамосвалы
|
| 610 |
1 |
|
|a поток
|
| 610 |
1 |
|
|a интенсивность
|
| 610 |
1 |
|
|a мотор-вагонная тяга
|
| 610 |
1 |
|
|a вскрытие
|
| 610 |
1 |
|
|a технологические схемы
|
| 675 |
|
|
|a 622.271.32
|v 4
|
| 701 |
|
1 |
|a Новожилов
|b М. Г.
|g Михаил Галактионович
|
| 701 |
|
1 |
|a Маевский
|b А. М.
|
| 701 |
|
1 |
|a Бондарь
|b С. А.
|
| 701 |
|
1 |
|a Дриженко
|b А. Ю.
|
| 702 |
|
1 |
|a Новожилов
|b М. Г.
|g Михаил Галактионович
|4 340
|
| 801 |
|
1 |
|a RU
|b 63413507
|c 20151224
|
| 801 |
|
2 |
|a RU
|b 63413507
|c 20191108
|g RCR
|
| 942 |
|
|
|c BK
|